Obálka
Pro půjčování e-knih musíte být přihlášeni.
Jak si půjčit online?

Orlík : od sudu ke spravedlnosti /

Uloženo v:
Hlavní autor: Štoček, Jan (Autor)
Další autoři: Bechynková, Lucie (Autor), Drbohlav, Jan, 1968- (Autor), Zahálka, Martin, 1958- (Režisér), Charvátová, Pavla, 1974- (Vypravěč pohádek (anekdot))
Médium: E-audiokniha
Jazyk:Czech
Vydáno: Praha : Voxi, 2026
Témata:
Tagy:
Žádné tagy
LEADER 05398nim a2201321 i 4500
001 313530
003 CZ PrSKC
005 20260601215744.0
007 sd fungnnmmned
008 260428p20262025xr nnnne g n cze
015 |a cnb003754562 
020 |a 9788074486494 :  |c Kč 399,00 
040 |a ABA001  |b cze  |e rda 
043 |a e-xr--- 
045 |a x9x9 
072 7 |a 343.9  |x Kriminalistika  |2 Konspekt 
080 |a 343.3/.7  |2 MRF 
080 |a 343.611(437.3)  |2 MRF 
080 |a 343.132:351.74  |2 MRF 
080 |a (437.3)  |2 MRF 
080 |a (0:82-96)  |2 MRF 
080 |a (086.7)08  |2 MRF 
080 |a (086.76)  |2 MRF 
100 1 |a Štoček, Jan  |7 osa20221168195  |4 aut 
245 1 0 |a Orlík :  |b od sudu ke spravedlnosti /  |c Jan Štoček, Lucie Bechynková 
264 1 |a Praha :  |b Voxi,  |c 2026 
300 |a 1 audiodisk (10 hod., 41 min.) ;  |c 12 cm 
306 |a 104100 
336 |a mluvené slovo  |b spw  |2 rdacontent 
337 |a audio  |b s  |2 rdamedia 
338 |a audiodisk  |b sd  |2 rdacarrier 
344 |a digital  |2 rdatr 
344 |b optical  |2 rdarm 
347 |a audio soubor  |2 rdaft 
347 |b MP3 
500 |a Název z disku 
500 |a Vydalo nakladatelství Voxi ve společnosti Albatros Media a.s. 
500 |a Podle stejnojmenné knihy vydané nakladatelstvím Nastole v roce 2025 
500 |a Nezkrácená audiokniha ve formátu MP3 
508 |a Režie, Jan Drbohlav 
511 0 |a Čte Martin Zahálka Pavla Charvátová 
518 |o Nahráno  |d prosinec 2025  |p studio S Pro Alfa 
648 4 |a 1991-1993 
648 7 |a 20. století  |7 ch460558  |2 czenas 
650 0 7 |a kriminální případy  |7 ph121958  |z Česko  |y 20. století  |2 czenas 
650 0 7 |a orlické vraždy  |7 ph276432  |z Česko  |y 20. století  |2 czenas 
650 0 7 |a policejní vyšetřování  |7 ph158343  |z Česko  |y 20. století  |2 czenas 
650 0 9 |a criminal cases  |z Czechia  |y 20th century  |2 eczenas 
650 0 9 |a Orlík murders  |z Czechia  |y 20th century  |2 eczenas 
650 0 9 |a police enquiry  |z Czechia  |y 20th century  |2 eczenas 
655 7 |a audioknihy  |7 fd119452  |2 czenas 
655 7 |a literatura faktu  |7 fd132773  |2 czenas 
655 7 |a kompaktní disky  |7 fd201991  |2 czenas 
655 9 |a non-fiction  |2 eczenas 
655 9 |a audiobooks  |2 eczenas 
655 9 |a compact discs  |2 eczenas 
700 1 |a Bechynková, Lucie  |7 xx0263540  |4 aut 
700 1 |a Drbohlav, Jan,  |d 1968-  |7 xx0057821  |4 drt 
700 1 |a Zahálka, Martin,  |d 1958-  |7 xx0001819  |4 stl 
700 1 |a Charvátová, Pavla,  |d 1974-  |7 xx0248101  |4 stl 
710 2 |a Voxi (nakladatelství)  |7 xx0342088  |4 pbl 
900 |a ABA001  |b 19 
044 |a xr 
505 0 0 |t 01_Poznatek (26 min., 6 sek.) 
505 0 0 |t 02_Akce Cerny (11 min., 20 sek.) 
505 0 0 |t 03_Vylet do Liberce (19 min., 46 sek.) 
505 0 0 |t 04_Dve anteny (6 min., 0 sek.) 
505 0 0 |t 05_Darek k narozeninam (15 min., 19 sek.) 
505 0 0 |t 06_Granule (12 min., 47 sek.) 
505 0 0 |t 07_Prokleta stavba (9 min., 19 sek.) 
505 0 0 |t 08_Vrazda Majera (13 min., 24 sek.) 
505 0 0 |t 09_Pepik (8 min., 32 sek.) 
505 0 0 |t 10_Prochazka (23 min., 50 sek.) 
505 0 0 |t 11_Zlate buly (12 min., 55 sek.) 
505 0 0 |t 12_Atentat na kopace (13 min., 36 sek.) 
505 0 0 |t 13_Zrzavy (17 min., 58 sek.) 
505 0 0 |t 14_Bartovsky (19 min., 49 sek.) 
505 0 0 |t 15_Vegner (15 min., 33 sek.) 
505 0 0 |t 16_Kdyz tam jsou mrtvoly nejsou tam ryby (10 min., 7 sek.) 
505 0 0 |t 17_Nepovedeny vyslech (17 min., 22 sek.) 
505 0 0 |t 18_Vychodil (35 min., 49 sek.) 
505 0 0 |t 19_Na hrazi (15 min., 51 sek.) 
505 0 0 |t 20_Mame potapece (17 min., 39 sek.) 
505 0 0 |t 21_Prvni mobil (10 min., 2 sek.) 
505 0 0 |t 22_Lodi po prehrade (17 min., 8 sek.) 
505 0 0 |t 23_Rozvedcik (9 min., 50 sek.) 
505 0 0 |t 24_V hotelu Praha (11 min., 6 sek.) 
505 0 0 |t 25_Unik informaci (7 min., 59 sek.) 
505 0 0 |t 26_Ekologove z Akademie ved (14 min., 35 sek.) 
505 0 0 |t 27_Sednes si tam misto me (13 min., 54 sek.) 
505 0 0 |t 28_Prvni noc na pontonu (27 min., 12 sek.) 
505 0 0 |t 29_Den druhy (9 min., 12 sek.) 
505 0 0 |t 30_Den treti (12 min., 49 sek.) 
505 0 0 |t 31_Den ctvrty (6 min., 51 sek.) 
505 0 0 |t 32_Kdo na tom bude delat (10 min., 44 sek.) 
505 0 0 |t 33_Vyzvednuti sudu (16 min., 42 sek.) 
505 0 0 |t 34_Co najdeme uvnitr (9 min., 33 sek.) 
505 0 0 |t 35_Razie na kopace (16 min., 46 sek.) 
505 0 0 |t 36_Kuchar (11 min., 47 sek.) 
505 0 0 |t 37_Babicko proc je ten pan v kleci (15 min., 56 sek.) 
505 0 0 |t 38_U Cernych doma (6 min., 54 sek.) 
505 0 0 |t 39_Ostravsti hrdinove (7 min., 17 sek.) 
505 0 0 |t 40_Tajny svedek (3 min., 50 sek.) 
505 0 0 |t 41_Dalsi vrazda (4 min., 24 sek.) 
505 0 0 |t 42_Vybava na urovni (10 min., 32 sek.) 
505 0 0 |t 43_Uz zase lovime (17 min., 58 sek.) 
505 0 0 |t 44_Boure (10 min., 9 sek.) 
505 0 0 |t 45_Do tretice vseho (12 min., 41 sek.) 
505 0 0 |t 46_Zaver (7 min., 26 sek.) 
505 0 0 |t 47_Rozhovor Lucie Bechynkove s Janem Stockem (15 min., 7 sek.) 
910 |a RBIT002 
998 |d 424633  |a https://core.palmknihy.cz/api/books/424633/cover?t94zna  |b https://core.palmknihy.cz/api/books/424633/cover/400?t94zna  |c https://core.palmknihy.cz/api/books/424633/cover/50?t94zna  |e 2035-12-31  |i 9788074486494  |l 38520  |q 49  |r 1  |s https://www.palmknihy.cz/kniha/424633  |t audiobook  |y 2026  |z 0 
999 |d 313528